| 000 | 02119cam a2200193 a 4500 | ||
|---|---|---|---|
| 020 | _a9780262512848 (pbk. : alk. paper) | ||
| 020 | _a026251284X (pbk. : alk. paper) | ||
| 082 | 0 | 0 |
_a153 _bTOR |
| 100 | 1 | _aTorey, Zoltan. | |
| 245 | 1 | 4 | _aThe crucible of consciousness : An Integrated theory of Mind and Brain |
| 250 | _a1st MIT Press ed. | ||
| 260 |
_aCambridge, MA : _bMIT Press, _c2009. |
||
| 300 |
_axvi, 247 p. : _bill. ; |
||
| 500 | _a"A Bradford book"--P. [4] of cover. | ||
| 500 | _aOriginally published: Melbourne ; New York : Oxford University Press, 1999. With new foreword. | ||
| 505 | 0 | _aForeword / by Daniel C Dennett -- Preface -- Perspective. The problem ; The path to the solution ; Some technical aspects -- The emergence of the human brain. The upgrading of the prehuman brain ; Modifications that underlie language ; The internal representation of the outside world -- Adaptive changes for speech and thought. Dual excitation and the oscillation of attention ; The building blocks of language -- The evolution of language. The breakthrough to protolanguage ; Secondary language evolution ; Using the language instrument ; Language and the limits of abstraction -- More about language. The perceptual basis of language ; The acquisition of language by the child ; Ape talk : a tip without an iceberg -- Self-accessibility. Problems of self-detection ; Elements of self-detection -- Reflection: the key to human awareness. Double-stranded reentrance ; The mechanism of reflective awareness ; Self-awareness -- The mind-system. The new identity : brain to mind ; The alchemy of self-deception ; Problems with self-conceptualization ; The "freedom" of the system : fact and fiction about the mind -- The mind versus the computer. Formalism and the logic of misconstruction ; Model formation and the role of semantics ; Society and the shaping of the mind -- Evolution : the model of the loaded dice. The watershed of insights ; Prejudice and counterprejudice -- Between the quantum and the cosmos. A range of perspectives ; Light at the end of the tunnel. | |
| 650 | 0 | _aConsciousness. | |
| 942 | _cBK | ||
| 999 |
_c22743 _d22743 |
||